| 000 | 00444nam a22001817a 4500 | ||
|---|---|---|---|
| 003 | OSt | ||
| 005 | 20220128125852.0 | ||
| 008 | 220128b |||||||| |||| 00| 0 eng d | ||
| 020 | _a9788132203025 | ||
| 040 | _cHU | ||
| 082 | _a621.367 | ||
| 100 |
_aBurger Wilhelm _929030 |
||
| 245 | _aDigital Image Processing An Algorithmic Introduction Using Java | ||
| 250 | _a1ed | ||
| 260 |
_aIndia _bIndia |
||
| 300 | _f564 | ||
| 942 |
_2ddc _cBOOKS _n0 |
||
| 999 |
_c28351 _d28351 |
||